MARC details
| 000 -LEADER |
| fixed length control field |
04457cam a22005297a 4500 |
| 001 - CONTROL NUMBER |
| control field |
17150490 |
| 003 - CONTROL NUMBER IDENTIFIER |
| control field |
OSt |
| 005 - DATE AND TIME OF LATEST TRANSACTION |
| control field |
20160525152652.0 |
| 008 - FIXED-LENGTH DATA ELEMENTS--GENERAL INFORMATION |
| fixed length control field |
120206s2011 onca b 001 0deng |
| 010 ## - LIBRARY OF CONGRESS CONTROL NUMBER |
| LC control number |
2012359622 |
| 016 7# - NATIONAL BIBLIOGRAPHIC AGENCY CONTROL NUMBER |
| Record control number |
101575144 |
| Source |
DNLM |
| 016 ## - NATIONAL BIBLIOGRAPHIC AGENCY CONTROL NUMBER |
| Record control number |
20119053462 |
| 020 ## - INTERNATIONAL STANDARD BOOK NUMBER |
| International Standard Book Number |
9780802098368 (bound : alk. paper) |
| 020 ## - INTERNATIONAL STANDARD BOOK NUMBER |
| International Standard Book Number |
0802098363 (bound : alk. paper) |
| 020 ## - INTERNATIONAL STANDARD BOOK NUMBER |
| International Standard Book Number |
9780802095626 (pbk. : alk. paper) |
| 020 ## - INTERNATIONAL STANDARD BOOK NUMBER |
| International Standard Book Number |
0802095623 (pbk. : alk. paper) |
| 035 ## - SYSTEM CONTROL NUMBER |
| System control number |
(OCoLC)ocn727326101 |
| 040 ## - CATALOGING SOURCE |
| Original cataloging agency |
SEKU |
| 042 ## - AUTHENTICATION CODE |
| Authentication code |
nlmcopyc |
| -- |
lccopycat |
| 043 ## - GEOGRAPHIC AREA CODE |
| Geographic area code |
n-cn--- |
| 050 00 - LIBRARY OF CONGRESS CALL NUMBER |
| Classification number |
RA 450.3 |
| Item number |
.E54 2011 |
| 245 00 - TITLE STATEMENT |
| Title |
Engendering migrant health : |
| Remainder of title |
Canadian perspectives / |
| Statement of responsibility, etc. |
edited by Denise L. Spitzer. |
| 260 ## - PUBLICATION, DISTRIBUTION, ETC. (IMPRINT) |
| Place of publication, distribution, etc. |
Toronto ; |
| -- |
Buffalo, NY : |
| Name of publisher, distributor, etc. |
University of Toronto Press, |
| Date of publication, distribution, etc. |
c2011. |
| 300 ## - PHYSICAL DESCRIPTION |
| Extent |
ix, 320 p. : |
| Other physical details |
ill. ; |
| Dimensions |
24 cm. |
| 504 ## - BIBLIOGRAPHY, ETC. NOTE |
| Bibliography, etc |
Includes bibliographical references (p. [251]-303) and index. |
| 505 0# - FORMATTED CONTENTS NOTE |
| Formatted contents note |
Work, worries, and weariness : towards an embodied and engendered migrant health / Denise L. Spitzer -- Examining the health of immigrant and refugee francophone women living outside Québec / Michèle Kérisit -- Enhancing social inclusion : settlement services in relation to lesbian, gay, and bisexual newcomers / Brian O'Neill and Kamala Sproule -- The fatherhood experiences of Sudanese and Russian newcomer men : challenges to their health and well-being / David C. Este and Admasu Tachble -- Mental health and well-being of immigrant and refugee women in Canada / Ilene Hyman -- Gender-based interpersonal violence and the challenges of integrating in Canadian communities / Wilfreda Thurston -- Liminality and mental well-being among non-status immigrant women / Laura Simich -- Social suffering and witnessing : exploring the interface between policy and testimonial narratives of Canadian Afghan women / Parin Dossa -- Advocacy and social support : the Multicultural Heatlh Brokers Co-op's journey towards equity of access to health / Lucenia Ortiz and the Multiculural Health Brokers Co-op -- Empowering women through community work : strategies within the Latin American Community in Ottawa / Sara Torres, Alma Estable, Ana Mercedes Guerra, and Nubia Cermeño -- Global Ottawa AIDS Link (GOAL) : story of an 'un-project' / Carol Amaratunga ... [et al.] -- At the intersection of migration, gender, and health : accounting for social capital / Bilkis Vissandjée ... [et al.] -- Engendering migrant health : final reflections / Denise L. Spitzer. |
| 520 ## - SUMMARY, ETC. |
| Summary, etc. |
"Voluntary migrants to Canada are generally healthier than the average Canadian, but after ten years in the country they report poorer health and higher rates of chronic disease than those born here. Troublingly, women - particularly those from non-European countries - experience the most precipitous decline in health. What contributes to this deterioration, and how can its effects be mitigated? -- |
| Assigning source |
source other than Libreary of Congress. |
| 520 ## - SUMMARY, ETC. |
| Summary, etc. |
Engendering Migrant Health brings together researchers from across Canada to address the intersections of gender, immigration, and health in the lives of new Canadians. Focusing on the context of Canadian policy and society, the contributors illuminate migrants' testimonies of struggle, resistance, and solidarity as they negotiate a place for themselves in a new country. Topics range from the difficulties of Francophone refugees and the changing roles of fathers, to the experiences of queer newcomers and the importance of social unity to communal and individual health."--pub. desc. |
| 650 #0 - SUBJECT ADDED ENTRY--TOPICAL TERM |
| Topical term or geographic name as entry element |
Immigrants |
| General subdivision |
Health and hygiene |
| Geographic subdivision |
Canada. |
| 650 #0 - SUBJECT ADDED ENTRY--TOPICAL TERM |
| Topical term or geographic name as entry element |
Women immigrants |
| General subdivision |
Health and hygiene |
| Geographic subdivision |
Canada. |
| 650 #0 - SUBJECT ADDED ENTRY--TOPICAL TERM |
| Topical term or geographic name as entry element |
Women refugees |
| General subdivision |
Health and hygiene |
| Geographic subdivision |
Canada. |
| 650 #0 - SUBJECT ADDED ENTRY--TOPICAL TERM |
| Topical term or geographic name as entry element |
Immigrants |
| Geographic subdivision |
Canada |
| General subdivision |
Social conditions. |
| 650 #0 - SUBJECT ADDED ENTRY--TOPICAL TERM |
| Topical term or geographic name as entry element |
Refugees |
| Geographic subdivision |
Canada |
| General subdivision |
Social conditions. |
| 650 12 - SUBJECT ADDED ENTRY--TOPICAL TERM |
| Topical term or geographic name as entry element |
Emigrants and Immigrants |
| Geographic subdivision |
Canada. |
| 650 12 - SUBJECT ADDED ENTRY--TOPICAL TERM |
| Topical term or geographic name as entry element |
Women's Health |
| Geographic subdivision |
Canada. |
| 650 22 - SUBJECT ADDED ENTRY--TOPICAL TERM |
| Topical term or geographic name as entry element |
Health Services Accessibility |
| Geographic subdivision |
Canada. |
| 650 22 - SUBJECT ADDED ENTRY--TOPICAL TERM |
| Topical term or geographic name as entry element |
Refugees |
| Geographic subdivision |
Canada. |
| 650 22 - SUBJECT ADDED ENTRY--TOPICAL TERM |
| Topical term or geographic name as entry element |
Socioeconomic Factors |
| Geographic subdivision |
Canada. |
| 650 22 - SUBJECT ADDED ENTRY--TOPICAL TERM |
| Topical term or geographic name as entry element |
Transients and Migrants |
| Geographic subdivision |
Canada. |
| 650 #6 - SUBJECT ADDED ENTRY--TOPICAL TERM |
| Topical term or geographic name as entry element |
Immigrants |
| General subdivision |
Santé et hygiène |
| Geographic subdivision |
Canada. |
| 650 #6 - SUBJECT ADDED ENTRY--TOPICAL TERM |
| Topical term or geographic name as entry element |
Immigrantes |
| General subdivision |
Santé et hygiène |
| Geographic subdivision |
Canada. |
| 650 #6 - SUBJECT ADDED ENTRY--TOPICAL TERM |
| Topical term or geographic name as entry element |
Réfugiées |
| General subdivision |
Santé et hygiène |
| Geographic subdivision |
Canada. |
| 650 #6 - SUBJECT ADDED ENTRY--TOPICAL TERM |
| Topical term or geographic name as entry element |
Immigrants |
| Geographic subdivision |
Canada |
| General subdivision |
Conditions sociales. |
| 650 #6 - SUBJECT ADDED ENTRY--TOPICAL TERM |
| Topical term or geographic name as entry element |
Réfugiés |
| Geographic subdivision |
Canada |
| General subdivision |
Conditions sociales. |
| 700 1# - ADDED ENTRY--PERSONAL NAME |
| Personal name |
Spitzer, Denise L. |
| 942 ## - ADDED ENTRY ELEMENTS (KOHA) |
| Source of classification or shelving scheme |
Library of Congress Classification |
| Koha item type |
General circulation |